Score 0/22 Timer 02:00
1 Play Today
Clue 4-Letter Word % Correct
Not on timeLATE
98.8%
Green citrus fruitLIME
97.8%
Baby sheepLAMB
97.1%
Arm or leg, e.g.LIMB
96.5%
UncoolLAME
95.1%
Domestic, not wildTAME
91.1%
Leader in the VaticanPOPE
90.6%
'A ___ to Kill' - John GrishamTIME
88.5%
Monty Python's 'The ___ of Brian'LIFE
87.2%
Like mature fruitRIPE
87%
Record an interviewTAPE
86.1%
Clue 4-Letter Word % Correct
Opening for sweatPORE
85.5%
Tubular wind instrument♫ PIPE ♫
84.2%
Slang refusalNOPE
83.9%
Base of neckNAPE
83%
Strong cordROPE
82.6%
Medieval stringed instrument♫ LUTE ♫
79.3%
Mosaic pieceTILE
71.7%
A fire for a funeralPYRE
66.3%
A keyless flute♫ FIFE ♫
64.8%
Ancient stringed instrument♫ LYRE ♫
64.3%
A raspFILE
57.6%

Today's Daily Dose

Missing Word
'T' Pairs

Word Ladder
Game Pieces

Get the Picture
Baseball Movies

Remove Ads.
Support Sporcle.
Get the best of Sporcle when you Go Orange. This ad-free experience offers more features, more stats, and more fun while also helping to support Sporcle. Thank you for becoming a member.

You're not logged in!

Compare scores with friends on all Sporcle quizzes.
OR
Log In

Show Comments

Extras

Top Quizzes Today


Score Distribution

Your Account Isn't Verified!

In order to create a playlist on Sporcle, you need to verify the email address you used during registration. Go to your Sporcle Settings to finish the process.

Report this User

Report this user for behavior that violates our Community Guidelines.

Details: